00399nam a2200121Ia 4500008004100000245006100041245001500102260000900117650001100126856004800137999001900185952007300204171211s9999 xx 000 0 und d aIraq the People (Lands, Peoples, & Cultures (Paperback)) cApril Fast c2010 xTRAVEL uhttp://down.ebook777.com/061/0778793192.pdf c349193d349193 001040aCLbCLd2017-12-11l0r2017-12-11 00:00:00w2017-12-11yCBE